| 000 | 00357 a2200145 4500 | ||
|---|---|---|---|
| 001 | 159335 | ||
| 020 | _a | ||
| 040 | _cMagnum | ||
| 100 | _aOliveira, Carolina Renno Ribeiro de | ||
| 240 | 1 | 0 |
_aBiografias de personalidades celebres _lpor |
| 245 | 1 | 0 | _aBiografias de personalidades celebres |
| 362 | 0 | _a1899 | |
| 697 | _aMAGNITO: BIOGRAFIA | ||
| 942 | _cBK | ||
| 999 |
_c159335 _d159335 |
||